| 000 | 01938nam a22003017a 4500 | ||
|---|---|---|---|
| 001 | 1616 | ||
| 003 | FISKH | ||
| 005 | 20250530115100.0 | ||
| 008 | 230911b cb ||||| |||| 00| 0 khr d | ||
| 020 | _a9789996305450 | ||
| 040 |
_aFISKH _beng _cFISKH _dFISKH |
||
| 082 | _a599.67 | ||
| 100 | _aSueyoshi, Akiko | ||
| 245 |
_aកូនដំរីលឿងរបស់ម៉ាក់ / _cនិពន្ធដោយ អាគិកុ ស៊ូអិយ៉ូស៊ី - រូបគំនូរដោយ យុ - បកប្រែពីភាសាជប៉ុនដោយ ទា ស៊ាងហួង |
||
| 250 | _aបោះពុម្ពលើកទី ៤ ខែកក្កដា ឆ្នាំ ២០២១ | ||
| 260 |
_aTokyo : _bSipar, _c2010. |
||
| 300 |
_a152 pages : _billustrations ; _c19 cm |
||
| 490 | _aអក្សសិល្ប៍យុវវ័យ | ||
| 505 | _aZ' | ||
| 520 | _aឃើញតាមក្រសែភ្នែករបស់ក្មេងប្រុសអាយុ ១១ឆ្នាំម្នាក់ នេះជារឿងដ៏កំប្លុកកំប្លែងរបស់នារីដែលទើបនឹងលែងលះគ្នា ដែលមើលថែកូនទាំងពីររបស់នាង។ រឿងដ៏ពេញនិយមនេះក៏ត្រូវបានកែសម្រួលសម្រាប់ទូរទស្សន៍ជប៉ុនផងដែរ។ | ||
| 520 | _aSeen through the eyes of an eleven-year-old boy, this is a humorous story of a recently divorced woman looking after her two children. This popular story has also been adapted for Japanese television. | ||
| 521 | 8 |
_a920
_bLexile estimate |
|
| 521 | 8 |
_aZ'
_bRaz-Plus |
|
| 650 |
_aធ្វេសប្រហែស _vឡាន _xលេងលះ |
||
| 650 |
_aCareless _vCar _xDivorce |
||
| 700 |
_aYu _eillustrator |
||
| 942 |
_2ddc _cKHB _n0 |
||
| 999 |
_c1616 _d1616 |
||